000
00303nam a2200121Ia 4500
008
190216s9999||||xx |||||||||||||| ||und||
100
_a
Dr.Chandratre K R
245
0
_a
How To Read And Understand Financial Statements
260
_b
V M P Publications
300
_a
188
650
_a
Commerce
942
_c
BK
999
_c
6712
_d
6712